Dunai hellének

Elmentve itt :
Bibliográfiai részletek
Szerző: VAJNOVSZKI Kázmér
Adatforrás:Meister
Forrásdokumentuma:A Hét. -
18 sz., 1990, 2 p.
Nyelv:magyar
Kulcsszavak:politikai interjú
kulturalis intézmények
görögök
Romániai Hellén Szövetség
LEADER 00430nab a2200157 i 4500
001 bibPRO00004575
008 060524s1990 xx hun
040 |a Sz1 
041 |a hun 
100 1 |a VAJNOVSZKI Kázmér 
245 1 0 |a Dunai hellének  |c VAJNOVSZKI Kázmér 
695 |a politikai interjú 
695 |a kulturalis intézmények 
695 |a görögök 
695 |a Romániai Hellén Szövetség 
773 0 |t A Hét. -  |g 18 sz., 1990, 2 p.